书目信息 |
| 书名: | NEW IDEAS ABOUT NEW IDEAS | |
| 作者: | SHIRA P.WHITE | |
| 分册号: | ||
| 分册名: | 出版地: | United Stated of America |
|
| 出版社: | PERSEUS PUBLISHING | |
| 出版时间: | 2010 | |
| 页数: | 336p | |
| 开本: | 20cm | |
| 丛书名: | ||
| 中图分类号: | ||
| 科图分类号: | ||
| 其他分类号: | T-19 | |
| 主题词: | ||
| 电子资源: | ||
| 000 | 00525nam0 2200193 450 | |
| 001 | 052012175920 | |
| 005 | 20121107175237.0 | |
| 008 | 20021229d1997 em y0chiy0121 ea | |
| 020 | @a0-7382-0535-4@bhard@c$26.00 | |
| 041 | @aeng | |
| 091 | @aT-19 | |
| 099 | @dT-19@eSh65 | |
| 100 | @aSHIRA P.WHITE | |
| 245 | 10 | @aNEW IDEAS ABOUT NEW IDEAS @cSHIRA P.WHITE |
| 260 | @aUnited Stated of America@bPERSEUS PUBLISHING@c2010 | |
| 300 | @a336p@c20cm | |
| 521 | @aNEW IDEAS ABOUT NEW IDEAS | |
| 905 | @b009200-1 | |
| 905 | @aTSG@dT-19@eSh65 | |
| NEW IDEAS ABOUT NEW IDEAS / SHIRA P.WHITE.-United Stated of America : PERSEUS PUBLISHING , 2010 |
| 336p ; 20cm |
| NEW IDEAS ABOUT NEW IDEAS |
| ISBN 0-7382-0535-4hard$26.00 |
| ● |
| 相关链接 |
|
|
|
正题名:NEW IDEAS ABOUT NEW IDEAS
索取号:T-19/Sh65
 
预约/预借
| 序号 | 登录号 | 条形码 | 馆藏地/架位号 | 状态 | 备注 |
| 1 | 9200 | 300092003 | 自科库501/400A自科库 36排3列1层/ [索取号:T-19/Sh65] | 在馆 | |
| 2 | 9201 | 300092012 | 自科库501/ [索取号:T-19/Sh65] | 在馆 |